00568caa a22001572a 4500001000900000003001100009008004300020092001700063100001500080245006500095300001600160500009200176942000900268999001700277773011600294 018593 AR-FADEU 311216n########xxu####################dd a408.9bN551f aGil, David aEscaping eurocentrism : fieldwork as a process of unlearning aPP. 102-132 aEn: Linguistic fieldwork / ed. Paul Newman. New York : Cambridge University Press, 2001 cBDGR c24325d243250 024317924076aNewman, Paul, ed.bdNew Yorko05053tLinguistic fieldworkw( AR-FADEU) 018585xz0-521-66937-5